000 00699cab a2200229 4500
001 ABS57871
008 090401t1997 xxu||||| |||| 00| 0 eng d
035 _a(Sirsi) u82466
041 _aeng
100 _aHelps, D.
245 _aWhy partnering is not a duty
260 _c1997
350 _a0
490 _aBuilding
_v262(47) 28 November 1997, 37(1)
520 _aDiscusses good faith obligations in relation to partnering charters and the inherent differences between these and contracts.
650 _aGOOD FAITH OBLIGATIONS
650 _aLATHAM REFORMS
650 _aPARTNERING CHARTERS
690 _aBUILT ENVIRONMENT-BUILDING CONTRACT FORMS
942 _n0
948 _c02/12/1997
999 _c52073
_d52073